George vs. George : (Record no. 20030)
[ view plain ]
| 000 -LEADER | |
|---|---|
| fixed length control field | 02959cam a22004334a 4500 |
| 003 - CONTROL NUMBER IDENTIFIER | |
| control field | OCoLC |
| 005 - DATE AND TIME OF LATEST TRANSACTION | |
| control field | 20241220111613.0 |
| 008 - FIXED-LENGTH DATA ELEMENTS--GENERAL INFORMATION | |
| fixed length control field | 040929s2004 dcuab c b 001 0deng |
| 001 - CONTROL NUMBER | |
| control field | 56601680 |
| 010 ## - LIBRARY OF CONGRESS CONTROL NUMBER | |
| LC control number | 2003020843 |
| 020 ## - INTERNATIONAL STANDARD BOOK NUMBER | |
| International Standard Book Number | 0792269993 (label on back cover) |
| 020 ## - INTERNATIONAL STANDARD BOOK NUMBER | |
| International Standard Book Number | 0792273494 |
| 024 31 - OTHER STANDARD IDENTIFIER | |
| Standard number or code | 9780792273493 |
| 035 ## - SYSTEM CONTROL NUMBER | |
| System control number | (Sirsi) i9780792269991 |
| 040 ## - CATALOGING SOURCE | |
| Original cataloging agency | DLC |
| Transcribing agency | JFN |
| Modifying agency | JFN |
| -- | JFN |
| -- | XY4 |
| -- | ILC |
| -- | XY4 |
| -- | GZD |
| 043 ## - GEOGRAPHIC AREA CODE | |
| Geographic area code | n-us--- |
| -- | e-uk--- |
| 049 ## - LOCAL HOLDINGS (OCLC) | |
| Holding library | GZDA |
| Local processing data | bajc |
| 082 00 - DEWEY DECIMAL CLASSIFICATION NUMBER | |
| Classification number | 973.3 |
| Edition number | 22 |
| 082 ## - DEWEY DECIMAL CLASSIFICATION NUMBER | |
| Classification number | 973.3 SCH 2004 |
| 092 ## - LOCALLY ASSIGNED DEWEY CALL NUMBER (OCLC) | |
| Classification number | 973.3 SCH 2004 |
| 100 1# - MAIN ENTRY--PERSONAL NAME | |
| Personal name | Schanzer, Rosalyn. |
| 9 (RLIN) | 8398 |
| 245 10 - TITLE STATEMENT | |
| Title | George vs. George : |
| Remainder of title | the American Revolution as seen from both sides / |
| Statement of responsibility, etc | by Rosalyn Schanzer. |
| 246 3# - VARYING FORM OF TITLE | |
| Title proper/short title | George versus George |
| 260 ## - PUBLICATION, DISTRIBUTION, ETC. (IMPRINT) | |
| Place of publication, distribution, etc | Washington, .C. : |
| Name of publisher, distributor, etc | National Geographic, |
| Date of publication, distribution, etc | c2004. |
| 300 ## - PHYSICAL DESCRIPTION | |
| Extent | 60 p. : |
| Other physical details | col. ill., col. maps ; |
| Dimensions | 28 cm. |
| 504 ## - BIBLIOGRAPHY, ETC. NOTE | |
| Bibliography, etc | Includes bibliographical references (p. 58-59) and index. |
| 520 ## - SUMMARY, ETC. | |
| Summary, etc | Explores how the characters and lives of King George III of England and George Washington affected the progress and outcome of the American Revolution. Author-illustrator Rosalyn Schanzer takes a unique and lively approach to the story of the American Revolution by weaving the tale around two quite similar leaders-George Washington and King George III-with two very different viewpoints. In contrast to many American history books, George vs. George allows kids to view the events from both sides-with a pinch of humor. Impeccably researched narrative and detailed full-color paintings show glimpses of life in both England and Colonial America and present a broad view of the events leading up to and during the Revolutionary War. Loads of primary source quotes presented in speech bubbles help provide a full account of the birth of the United States, offering insights into the actions and convictions of participants on both sides of the Atlantic. Children have a rare opportunity to observe the inner workings of the British government and the British military. The last part of the book describes the aftermath of the war and what happened to both Georges, followed by a bibliography, source notes, and an index. |
| 600 10 - SUBJECT ADDED ENTRY--PERSONAL NAME | |
| Personal name | Washington, George, |
| Dates associated with a name | 1732-1799 |
| Form subdivision | Juvenile literature. |
| 9 (RLIN) | 5697208 |
| 600 00 - SUBJECT ADDED ENTRY--PERSONAL NAME | |
| Personal name | George |
| Numeration | III, |
| Titles and other words associated with a name | King of Great Britain, |
| Dates associated with a name | 1738-1820 |
| Form subdivision | Juvenile literature. |
| 9 (RLIN) | 6145975 |
| 650 #0 - SUBJECT ADDED ENTRY--TOPICAL TERM | |
| Topical term or geographic name as entry element | Presidents |
| Geographic subdivision | United States |
| Form subdivision | Biography |
| -- | Juvenile literature. |
| 9 (RLIN) | 5697210 |
| 650 #0 - SUBJECT ADDED ENTRY--TOPICAL TERM | |
| Topical term or geographic name as entry element | Generals |
| Geographic subdivision | United States |
| Form subdivision | Biography |
| -- | Juvenile literature. |
| 9 (RLIN) | 5697211 |
| 651 #0 - SUBJECT ADDED ENTRY--GEOGRAPHIC NAME | |
| Geographic name | United States |
| General subdivision | History |
| Chronological subdivision | Revolution, 1775-1783 |
| Form subdivision | Juvenile literature. |
| 9 (RLIN) | 5705032 |
| 651 #0 - SUBJECT ADDED ENTRY--GEOGRAPHIC NAME | |
| Geographic name | Great Britain |
| General subdivision | Kings and rulers |
| Form subdivision | Biography |
| -- | Juvenile literature. |
| 9 (RLIN) | 5742172 |
| 651 #0 - SUBJECT ADDED ENTRY--GEOGRAPHIC NAME | |
| Geographic name | United States |
| General subdivision | History |
| Chronological subdivision | Colonial period, ca. 1600-1775 |
| Form subdivision | Juvenile literature. |
| 9 (RLIN) | 5733255 |
| 651 #0 - SUBJECT ADDED ENTRY--GEOGRAPHIC NAME | |
| Geographic name | Great Britain |
| General subdivision | History |
| Chronological subdivision | George III, 1760-1820 |
| Form subdivision | Juvenile literature. |
| 9 (RLIN) | 6501939 |
| 942 ## - ADDED ENTRY ELEMENTS (KOHA) | |
| Koha item type | BOOK |
| 979 ## - | |
| -- | 358513 |
| 998 ## - LOCAL CONTROL INFORMATION (RLIN) | |
| -- | a40570 |
| Withdrawn status | Lost status | Source of classification or shelving scheme | Damaged status | Not for loan | Collection code | Home library | Current library | Shelving location | Date acquired | Source of acquisition | Total Checkouts | Total Renewals | Full call number | Barcode | Date last seen | Date checked out | Cost, replacement price | Price effective from | Koha item type |
|---|---|---|---|---|---|---|---|---|---|---|---|---|---|---|---|---|---|---|---|
| Dewey Decimal Classification | Junior NonFiction | Wasatch County Library | Wasatch County Library | Second Floor | 01/05/2024 | Amazon | 5 | 6 | J 973.3 Schanzer | 34301002061713 | 12/26/2025 | 05/05/2025 | 16.95 | 01/05/2024 | BOOK |
